| 000 | 00660cab a2200205 4500 | ||
|---|---|---|---|
| 001 | ABS42947 | ||
| 008 | 090401t1990 xxu||||| |||| 00| 0 eng d | ||
| 035 | _a(Sirsi) u39685 | ||
| 041 | _aeng | ||
| 100 | _aCooling, P. | ||
| 245 | _aAbandonment - the planning position | ||
| 260 | _c1990 | ||
| 350 | _a0 | ||
| 490 |
_aProperty Management _v8(2) Spring 1990, 132-136(5) |
||
| 520 | _aDiscusses the interpretation of the concept of abandonment , with reference to case law, particularly White v SoS for the Environment (See Abstract 40665). | ||
| 650 | _aPLANNING PERMISSION | ||
| 690 | _aPLANNING LAW AND PRACTICE | ||
| 942 | _n0 | ||
| 948 | _c04/03/1997 | ||
| 999 |
_c25424 _d25424 |
||